000 00785nam a2200217 i 4500
001 21076
003 ES-MaACL
005 20250730063048.0
007 t|
008 021121s1883 sp |||| | spa d
100 1 _aAcuña, Rosario de,
_d1851-1923
_918341
245 1 0 _aMorirse a tiempo
_b: ensayo de un pequeño poema : imitación de Campoamor /
_cpor Rosario de Acuña de Laiglesia.
250 _a4ª ed.
260 _aMadrid :
_b[s.n.,
_c1883] (
_fP. Estrada)
300 _a26 p. ;
_c19 cm.
530 _aDisponible en formato digital.
852 _aES-MaACL
_j1781-F-4
_9 21816
_cDEPOF
_zRevisado enlace: 08 de Abril de 2025
856 _uhttp://bdh-rd.bne.es/viewer.vm?id=0000250141&page=1
_yBiblioteca Digital Hispánica
942 _2udc
999 _c21076
_d21076